Príprava a optimalizácia surovinových zmesí pre výrobu kordieritovej keramiky

Saved in:
Bibliographic Details
Main Author: Bujňák, Jakub (Author)
Other Authors: Bača, Ľuboš (Thesis advisor)
Format: Manuscript Book
Language:Slovak
Published: 2025
Subjects:
Online Access:http://is.stuba.sk/zp/portal_zp.pl?podrobnosti=185967
Tags: Add Tag
No Tags, Be the first to tag this record!

MARC

LEADER 00000ntm a22000003a 4500
001 stuzp105175
003 SK-STU
005 20250607211239.7
007 ta
008 150427s2015----xo-----f-mn---000-0-slo-d
040 |a STU  |b slo 
041 0 |a slo 
100 1 |a Bujňák, Jakub  |u 042110  |k Z4  |4 aut  |U FCHPT Ústav anorganickej chémie, technológie a materiálov  |T FCHPT Oddelenie anorganických materiálov  |X 97477  |U C2110  |Y 110  |7 97477 
242 0 1 |a Preparation and Optimization of Raw Material Mixtures to Produce Cordierite Ceramics  |y eng 
245 1 0 |a Príprava a optimalizácia surovinových zmesí pre výrobu kordieritovej keramiky 
260 |c 2025 
650 4 |a XRD analysis  |2 eng 
650 4 |a Cordierite phase  |2 eng 
650 4 |a Uniaxial pressing  |2 eng 
650 4 |a 3D printing  |2 eng 
650 4 |a RTG analýza  |2 slo 
650 4 |a 3D tlač  |2 slo 
650 4 |a Uniaxiálne lisovanie  |2 slo 
650 4 |a Kordieritová fáza  |2 slo 
700 1 |a Bača, Ľuboš  |u 042110  |k Z2  |4 ths  |U FCHPT Ústav anorganickej chémie, technológie a materiálov  |T FCHPT Oddelenie anorganických materiálov  |X 70834  |U C2110  |Y 110  |7 A0000070834 
856 4 |u http://is.stuba.sk/zp/portal_zp.pl?podrobnosti=185967